000 00510nam a2200181Ia 4500
005 20250508152142.0
008 008 250505s9999 xx 000 0 eng d
037 _aTextual
040 _aFEDL
_beng
_cFEDL
041 _aeng
_2eng
084 _a372.3, HUB
_qFEDL
100 _aHubler Clark
_9760893
245 0 _aWorking with children in science
260 _aBoston, USA
_bHoughton Mifflin Company
_c1957
300 _aviii,425p.
942 _cTEXL
_h372.3, HUB
999 _c1334598
_d1334598